000
00211nam a2200097Ia 4500
008
240331s9999 xx 000 0 und d
082
_a
110
_b
ADO
100
_a
Adorno, T.W
245
0
_a
Negative dialectics
942
_c
L
999
_c
713
_d
713